Easiest JetPunk Answers - Statistics

General Stats
  • This quiz has been taken 116 times
  • The average score is 12 of 20
Answer Stats
Quiz Easiest Answer % Correct
The 8 Planets Earth
99%
Simpsons Characters Homer
92%
US Presidents George Washington
89%
Santa's Reindeer Rudolph
83%
2010 FIFA World Cup Countries Spain
71%
Catholic Countries Italy
69%
One Border Countries Canada
64%
The 7 Dwarfs Grumpy
64%
Olympics Host Cities London
64%
English Monarchs Elizabeth
63%
English Premier League Teams Manchester United
61%
Heaviest Drinking Countries Russia
61%
Longest-Running U.S. Sitcoms Friends
58%
Pixar Movies Toy Story
58%
Signs of the Zodiac Leo
53%
Disney Animated Movies Snow White and the Seven Dwarfs
52%
Crayola Crayon Colors Black
41%
US Army Ranks Private
37%
Eddie Murphy Movies Shrek
28%
Oscar Hosts Billy Crystal
21%
No matching quizzes found
Score Distribution
Percent of People with Each Score
Percentile by Number Answered
Your Score History
You have not taken this quiz